[Event "Oberliga Wuerttemberg 1617"]
[Site "Wuerttemberg"]
[Date "2017.03.19"]
[Round "9.6"]
[White "Bissbort, Julian"]
[Black "Lemke, Johannes"]
[Result "1-0"]
[WhiteElo "2050"]
[BlackElo "2079"]
[PlyCount "83"]
[EventDate "2016.09.25"]
[EventType "team-tourn"]
[EventRounds "11"]
[EventCountry "GER"]
[SourceTitle "EXT 2019"]
[Source "ChessBase"]
[SourceDate "2018.10.10"]
[SourceVersion "1"]
[SourceVersionDate "2018.10.10"]
[SourceQuality "1"]
[WhiteTeam "Heilbronn"]
[BlackTeam "Sontheim/Brenz"]
[WhiteTeamCountry "GER"]
[BlackTeamCountry "GER"]

1. e4 e5 2. Nf3 Nc6 3. Bc4 Bc5 4. b4 Bxb4 5. c3 Bd6 6. d4 Nf6 7. Bg5 0-0 8. Nbd2 h6 9. Bh4 Qe7 10. 0-0 Na5 11. Bd3 c5 12. dxe5 Bxe5 13. Nxe5 Qxe5 14. Nf3 Qe6 15. e5 Nd5 16. Qc2 d6 17. Rfe1 Nf4 18. exd6 Qxd6 19. Bh7+ Kh8 20. Be7 Qc7 21. Bxf8 Be6 22. Bxg7+ Kxg7 23. Bf5 Bd5 24. Be4 Be6 25. Nh4 Nc4 26. Bf3 Rg8 27. Rad1 Kf6 28. Kh1 Ne5 29. Qe4 Ng4 30. Bxg4 Rxg4 31. g3 Nh3 32. Qf3+ Ke7 33. Kg2 Nf4+ 34. Kf1 h5 35. Re4 Nh3 36. Nf5+ Kf6 37. Ne3+ Kg5 38. Nxg4 hxg4 39. Qe3+ Kf6 40. Qh6+ Kf5 41. Rde1 Ng5 42. Rf4+ 1-0

[Event "Staufer op-A 27th"]
[Site "Schwaebisch Gmuend"]
[Date "2015.01.03"]
[Round "3"]
[White "Bissbort, Julian"]
[Black "Kersten, Uwe"]
[Result "1/2-1/2"]
[WhiteElo "2039"]
[BlackElo "2311"]
[PlyCount "38"]
[EventDate "2015.01.02"]
[EventType "swiss"]
[EventRounds "9"]
[EventCountry "GER"]
[SourceTitle "CBM 164 Extra"]
[Source "ChessBase"]
[SourceDate "2015.03.02"]
[SourceVersion "1"]
[SourceVersionDate "2015.03.02"]
[SourceQuality "1"]

1. e4 c6 2. d4 d5 3. exd5 cxd5 4. Bd3 Nc6 5. Nf3 Bg4 6. c3 e6 7. Bf4 Bd6 8. Bxd6 Qxd6 9. 0-0 Nf6 10. Nbd2 0-0 11. Qc2 Rfc8 12. a3 Rab8 13. Rae1 b5 14. Qb1 a5 15. Ne5 Bh5 16. Nb3 Qd8 17. Nc5 b4 18. axb4 axb4 19. Na6 Rb7 1/2-1/2

[Event "Stuttgart-chA int"]
[Site "Ditzingen"]
[Date "2014.05.30"]
[Round "3"]
[White "Gabriel, Robert A"]
[Black "Bissbort, Julian"]
[Result "1-0"]
[WhiteElo "2178"]
[BlackElo "2042"]
[PlyCount "139"]
[EventDate "2014.05.29"]
[EventType "swiss"]
[EventRounds "7"]
[EventCountry "GER"]
[SourceTitle "EXT 2015"]
[Source "ChessBase"]
[SourceDate "2014.11.20"]
[SourceVersion "1"]
[SourceVersionDate "2014.11.20"]
[SourceQuality "1"]

1. d4 Nf6 2. c4 e5 3. dxe5 Ne4 4. a3 d6 5. Nf3 Nc6 6. Qc2 Bf5 7. Nc3 Ng3 8. e4 Nxh1 9. exf5 dxe5 10. Be3 Be7 11. Rd1 Qc8 12. g3 0-0 13. Bg2 Nxf2 14. Kxf2 Re8 15. Nd5 e4 16. Qxe4 Bxa3 17. Nf6+ gxf6 18. Qg4+ Kh8 19. bxa3 Rg8 20. Qh5 Qf8 21. Rd7 Rg7 22. Qh4 Rd8 23. Rd5 Rxd5 24. cxd5 Ne7 25. Bc5 b6 26. Bb4 a5 27. Bxe7 Qxe7 28. a4 Qc5+ 29. Qd4 Qc2+ 30. Kg1 Qb1+ 31. Bf1 Qxf5 32. Qd3 Qxd3 33. Bxd3 Rg4 34. Bb5 Rb4 35. Kf2 Kg7 36. Ke3 f5 37. Nd4 Kf6 38. h4 h6 39. Bd7 Rc4 40. Nxf5 Rc3+ 41. Kd4 Rb3 42. Nxh6 Rxg3 43. Ke4 Rg1 44. Kf4 Kg6 45. Nf5 Rf1+ 46. Kg4 Rg1+ 47. Ng3 Rd1 48. h5+ Kf6 49. Bc6 Rd4+ 50. Kf3 Kg5 51. Ne4+ Kxh5 52. Nf6+ Kg5 53. Ne8 f5 54. Nxc7 Rc4 55. Na8 Rc3+ 56. Ke2 Rb3 57. d6 Kf6 58. Nc7 Rb2+ 59. Kd1 Rh2 60. Be8 Rh4 61. Ke2 Rd4 62. d7 Ke7 63. Kf3 Rc4 64. Nd5+ Kd8 65. Nf4 Re4 66. Nd5 Rd4 67. Nxb6 Kc7 68. Nc8 Kd8 69. Ke3 Rxa4 70. Nd6 1-0

[Event "Stuttgart-chA int"]
[Site "Ditzingen"]
[Date "2014.05.30"]
[Round "5"]
[White "Klaus, Dominik"]
[Black "Bissbort, Julian"]
[Result "1/2-1/2"]
[WhiteElo "1931"]
[BlackElo "2042"]
[PlyCount "45"]
[EventDate "2014.05.29"]
[EventType "swiss"]
[EventRounds "7"]
[EventCountry "GER"]
[SourceTitle "EXT 2015"]
[Source "ChessBase"]
[SourceDate "2014.11.20"]
[SourceVersion "1"]
[SourceVersionDate "2014.11.20"]
[SourceQuality "1"]

1. d4 Nf6 2. c4 c5 3. e3 g6 4. Nf3 Bg7 5. Nc3 0-0 6. Be2 cxd4 7. Nxd4 Nc6 8. 0-0 d6 9. b3 d5 10. Bb2 e5 11. Nc2 dxc4 12. Bxc4 Qa5 13. e4 Nd4 14. Nxd4 exd4 15. Qxd4 Ng4 16. Qd2 Qe5 17. g3 Qh5 18. f3 Ne5 19. Nd5 Bh3 20. Nf4 Qh6 21. Rf2 Rad8 22. Qe2 Bc8 23. Rd1 1/2-1/2

[Event "Stuttgart-chA int"]
[Site "Ditzingen"]
[Date "2014.05.29"]
[Round "1"]
[White "Schroeder, Jan Christian"]
[Black "Bissbort, Julian"]
[Result "1-0"]
[WhiteElo "2374"]
[BlackElo "2042"]
[PlyCount "67"]
[EventDate "2014.05.29"]
[EventType "swiss"]
[EventRounds "7"]
[EventCountry "GER"]
[SourceTitle "EXT 2015"]
[Source "ChessBase"]
[SourceDate "2014.11.20"]
[SourceVersion "1"]
[SourceVersionDate "2014.11.20"]
[SourceQuality "1"]

1. d4 Nf6 2. Nf3 e6 3. e3 c5 4. Bd3 Nc6 5. 0-0 Be7 6. c4 cxd4 7. exd4 d5 8. Nc3 dxc4 9. Bxc4 0-0 10. Re1 a6 11. Bd3 Nb4 12. Bb1 b5 13. a3 Nbd5 14. Qd3 Bb7 15. Bg5 g6 16. Bh6 Re8 17. Ne5 Qc7 18. Qh3 Bf8 19. Bd2 Bg7 20. Bd3 Nh5 21. Qg4 Rad8 22. Nxd5 Rxd5 23. Rac1 Qd6 24. Bb4 Qd8 25. Be4 Rxd4 26. Qf3 Rxe4 27. Qxf7+ Kh8 28. Red1 Bd5 29. Rc7 Rxe5 30. Rd7 Qc8 31. Rc7 Qd8 32. Be7 Qb8 33. Bf6 Qxc7 34. Qxe8# 1-0

[Event "Stuttgart-chA int"]
[Site "Ditzingen"]
[Date "2013.05.12"]
[Round "7"]
[White "Bissbort, Julian"]
[Black "Ivanov, Alexander"]
[Result "1-0"]
[WhiteElo "2034"]
[BlackElo "1910"]
[PlyCount "53"]
[EventDate "2013.05.09"]
[EventType "swiss"]
[EventRounds "7"]
[EventCountry "GER"]
[SourceTitle "EXT 2014"]
[Source "ChessBase"]
[SourceDate "2013.11.20"]
[SourceVersion "1"]
[SourceVersionDate "2013.11.20"]
[SourceQuality "1"]

1. e4 c5 2. c3 b6 3. d4 Bb7 4. Nd2 cxd4 5. cxd4 Nf6 6. Bd3 Nc6 7. Ngf3 e6 8. e5 Nd5 9. Ne4 d6 10. Bg5 Qd7 11. 0-0 h6 12. Bh4 Nf4 13. Bb5 a6 14. Ba4 d5 15. Nc3 Bb4 16. Rc1 Ng6 17. Bg3 b5 18. Bc2 Nge7 19. Ne2 Ba5 20. Nf4 Bb6 21. Nh5 0-0 22. Bf4 Qc7 23. Qd2 Ba5 24. Qe3 Nf5 25. Bxf5 exf5 26. Nh4 Kh8 27. Bxh6 1-0

[Event "Wuerttemberg-ch KT"]
[Site "Lauffen am Neckar"]
[Date "2011.08.28"]
[Round "2"]
[White "Bissbort, Julian"]
[Black "Guilliard, Joachim"]
[Result "1-0"]
[WhiteElo "2043"]
[BlackElo "2073"]
[PlyCount "120"]
[EventDate "2011.08.26"]
[EventType "swiss"]
[EventRounds "9"]
[EventCountry "GER"]
[SourceTitle "EXT 2017"]
[Source "ChessBase"]
[SourceDate "2016.10.25"]
[SourceVersion "1"]
[SourceVersionDate "2016.10.25"]
[SourceQuality "1"]

1. d4 g6 2. e4 Bg7 3. Nf3 c6 4. c3 d5 5. e5 Nh6 6. Bf4 f6 7. Bd3 Nf7 8. Nbd2 fxe5 9. dxe5 Qb6 10. Nb3 Bg4 11. Qe2 e6 12. c4 Nd7 13. cxd5 cxd5 14. Bb5 a6 15. Bxd7+ Kxd7 16. 0-0 Bh6 17. Bxh6 Nxh6 18. Qd2 Nf5 19. Ng5 Ng7 20. Ne4 h5 21. Rac1 Rhc8 22. Nf6+ Ke7 23. Qg5 Kf7 24. Nxg4 hxg4 25. Qf6+ Kg8 26. Qxg6 Rxc1 27. Rxc1 Rf8 28. Rf1 Rf5 29. Qxg4 Rxe5 30. Qg3 Rf5 31. Qc3 Kh7 32. Nd4 Rf4 33. Ne2 Rc4 34. Qd3+ Kg8 35. b3 Rc6 36. Nd4 Rd6 37. Nf3 Rd7 38. Ne5 Rc7 39. Qg3 Qd6 40. h4 Rc2 41. Qg6 Rc7 42. Ng4 Kf8 43. h5 Qe7 44. h6 Nf5 45. Ne5 Nh4 46. Qh5 Kg8 47. Re1 Qf6 48. Qg4+ Kh7 49. Nd3 Nf5 50. Qf4 Qe7 51. Rxe6 Qxe6 52. Qxc7+ Kxh6 53. Qf4+ Kg6 54. g4 Nh4 55. Nc5 Qe1+ 56. Kh2 b6 57. Nd3 Qe2 58. Qg3 Nf3+ 59. Kg2 Qxd3 60. Qxf3 Kg5 1-0

[Event "Staufer op 23rd"]
[Site "Leinzell"]
[Date "2011.01.04"]
[Round "5"]
[White "Gruenter, Martin"]
[Black "Bissbort, Julian"]
[Result "1-0"]
[WhiteElo "2210"]
[BlackElo "2021"]
[PlyCount "45"]
[EventDate "2011.01.02"]
[EventType "swiss"]
[EventRounds "9"]
[EventCountry "GER"]
[SourceTitle "CBM 140 Extra"]
[Source "ChessBase"]
[SourceDate "2011.03.01"]
[SourceVersion "1"]
[SourceVersionDate "2011.03.01"]
[SourceQuality "1"]

1. e4 c5 2. c3 d5 3. exd5 Qxd5 4. d4 Nc6 5. Nf3 Bg4 6. dxc5 Qxd1+ 7. Kxd1 0-0-0+ 8. Nbd2 e5 9. b4 e4 10. h3 Bxf3+ 11. gxf3 exf3 12. Kc2 Ne5 13. Nc4 Ng6 14. a4 Be7 15. a5 Nf6 16. a6 Ne4 17. axb7+ Kxb7 18. Be3 Ra8 19. Bd3 f5 20. Bd4 Rhd8 21. Rhe1 Nf4 22. Rxe4 fxe4 23. Bxe4+ 1-0

[Event "Stuttgart-chA int"]
[Site "Ditzingen"]
[Date "2010.05.14"]
[Round "3"]
[White "Arounopoulos, Stephan"]
[Black "Bissbort, Julian"]
[Result "1-0"]
[WhiteElo "2141"]
[BlackElo "2027"]
[PlyCount "73"]
[EventDate "2010.05.13"]
[EventType "swiss"]
[EventRounds "7"]
[EventCountry "GER"]
[SourceTitle "EXT 2018"]
[Source "ChessBase"]
[SourceDate "2017.10.13"]
[SourceVersion "1"]
[SourceVersionDate "2017.10.13"]
[SourceQuality "1"]

1. d4 Nf6 2. Nf3 b5 3. e3 a6 4. Bd3 Bb7 5. Nbd2 e6 6. 0-0 c5 7. c3 d5 8. Ne5 Nbd7 9. f4 Ne4 10. Qf3 f5 11. Qh5+ g6 12. Nxg6 Ndf6 13. Qh3 Rg8 14. Nxf8 Kxf8 15. Nf3 Qe7 16. Bd2 Nxd2 17. Nxd2 Ng4 18. Be2 c4 19. Bxg4 fxg4 20. Qh5 Rg7 21. f5 exf5 22. Rxf5+ Kg8 23. Re5 Qf7 24. Qh4 Re8 25. Rf1 Qg6 26. Rff5 Rxe5 27. Rxe5 h6 28. Qd8+ Kh7 29. Re8 Qh5 30. Rh8+ Kg6 31. Qd6+ Kg5 32. Qe5+ Kg6 33. Qe6+ Kg5 34. Rf8 Qg6 35. Qe5+ Kh4 36. g3+ Kh3 37. Rf5 1-0

[Event "GER-ch Net qual3 U25"]
[Site "Playchess.com INT"]
[Date "2009.05.17"]
[Round "7"]
[White "Grimberg, Boris"]
[Black "Bissbort, Julian"]
[Result "1-0"]
[WhiteElo "2366"]
[BlackElo "2053"]
[PlyCount "59"]
[EventDate "2009.05.17"]
[EventType "swiss (blitz)"]
[EventRounds "7"]
[EventCountry "GER"]
[SourceTitle "CBM 130 Extra"]
[Source "ChessBase"]
[SourceDate "2009.07.02"]
[SourceVersion "2"]
[SourceVersionDate "2009.07.15"]
[SourceQuality "1"]

1. e4 c5 2. Nf3 Nc6 3. d4 cxd4 4. Nxd4 g6 5. Nc3 Bg7 6. Be3 d6 7. Qd2 Nf6 8. f3 Bd7 9. g4 Ne5 10. 0-0-0 a6 11. g5 Nh5 12. Be2 b5 13. b3 Qa5 14. Kb1 Rb8 15. f4 Ng4 16. Bg1 b4 17. Nd5 e6 18. Bxg4 exd5 19. Bxd7+ Kxd7 20. Qg2 Nxf4 21. Qg4+ Ne6 22. Nxe6 fxe6 23. Rxd5 Rb5 24. Bd4 Bxd4 25. Rxd4 Rxg5 26. Qf4 Qe5 27. Qf7+ Kc6 28. Rc4+ Kb5 29. Qb7+ Ka5 30. Qxb4# 1-0

[Event "GER-ch Net qual3 U25"]
[Site "Playchess.com INT"]
[Date "2009.05.17"]
[Round "4"]
[White "Werthebach, Felix"]
[Black "Bissbort, Julian"]
[Result "0-1"]
[WhiteElo "2177"]
[BlackElo "2053"]
[PlyCount "22"]
[EventDate "2009.05.17"]
[EventType "swiss (blitz)"]
[EventRounds "7"]
[EventCountry "GER"]
[SourceTitle "CBM 130 Extra"]
[Source "ChessBase"]
[SourceDate "2009.07.02"]
[SourceVersion "2"]
[SourceVersionDate "2009.07.15"]
[SourceQuality "1"]

1. g3 c5 2. Bg2 Nc6 3. c4 g6 4. Nc3 Bg7 5. a3 e6 6. Rb1 Nge7 7. b4 d5 8. cxd5 exd5 9. bxc5 0-0 10. Nf3 Bf5 11. d3 Bxc3+ 0-1

[Event "Stuttgart-chA int"]
[Site "Ditzingen"]
[Date "2008.05.03"]
[Round "6"]
[White "Bissbort, Julian"]
[Black "Samu, Sorin Mihai"]
[Result "1-0"]
[WhiteElo "2059"]
[BlackElo "2176"]
[PlyCount "91"]
[EventDate "2008.05.01"]
[EventType "swiss"]
[EventRounds "7"]
[EventCountry "GER"]
[SourceTitle "EXT 2018"]
[Source "ChessBase"]
[SourceDate "2017.10.13"]
[SourceVersion "1"]
[SourceVersionDate "2017.10.13"]
[SourceQuality "1"]

1. e4 Nc6 2. d4 e5 3. dxe5 Nxe5 4. f4 Ng6 5. Nf3 Bc5 6. Bc4 d6 7. Nc3 c6 8. h4 Be6 9. Bxe6 fxe6 10. h5 Nf8 11. Qd3 Nf6 12. Be3 Qb6 13. Bxc5 Qxc5 14. 0-0-0 0-0-0 15. e5 Ng4 16. Ne4 Qd5 17. Rh4 Qxd3 18. Rxd3 d5 19. Rxg4 dxe4 20. Rxd8+ Kxd8 21. Ng5 Ke7 22. Nxe4 g6 23. Nd6 b6 24. Rg3 Rg8 25. Ne4 Nd7 26. Rd3 Rf8 27. hxg6 hxg6 28. g3 Rh8 29. b3 c5 30. Ng5 Rh5 31. Rd6 Nf8 32. a4 Rh1+ 33. Kb2 Rg1 34. a5 Rxg3 35. axb6 axb6 36. Rxb6 Rg1 37. Ra6 Rg4 38. Ra7+ Nd7 39. Ne4 Rxf4 40. Nxc5 Rd4 41. Rxd7+ Rxd7 42. Nxd7 Kxd7 43. c4 g5 44. Kc2 Kc6 45. b4 Kb6 46. Kd3 1-0

[Event "GER-ch op U25"]
[Site "Willingen"]
[Date "2006.06.08"]
[Round "7"]
[White "Billing, Christian"]
[Black "Bissbort, Julian"]
[Result "0-1"]
[WhiteElo "2080"]
[BlackElo "2042"]
[PlyCount "52"]
[EventDate "2006.06.04"]
[EventType "swiss"]
[EventRounds "9"]
[EventCountry "GER"]
[SourceTitle "EXT 2007"]
[Source "ChessBase"]
[SourceDate "2006.11.23"]
[SourceVersion "1"]
[SourceVersionDate "2006.11.23"]
[SourceQuality "1"]

1. e4 c5 2. Nf3 Nc6 3. Bb5 g6 4. 0-0 Bg7 5. Re1 Nd4 6. Bf1 d6 7. h3 Nf6 8. c3 Nxf3+ 9. Qxf3 0-0 10. Na3 Bd7 11. d4 cxd4 12. cxd4 Qa5 13. Qe3 Rac8 14. Bd2 Qh5 15. Qg3 d5 16. Be2 Nxe4 17. Qe3 Qh4 18. Bb4 Rfe8 19. Rad1 e5 20. dxe5 Rxe5 21. Qxa7 Bxh3 22. Bf1 Bg4 23. f3 Rh5 24. fxe4 Qh2+ 25. Kf2 Qf4+ 26. Kg1 Be5 0-1

[Event "GER-ch op U25"]
[Site "Willingen"]
[Date "2006.06.05"]
[Round "4"]
[White "Bissbort, Julian"]
[Black "Rau, Hannes"]
[Result "0-1"]
[WhiteElo "2042"]
[BlackElo "2395"]
[PlyCount "62"]
[EventDate "2006.06.04"]
[EventType "swiss"]
[EventRounds "9"]
[EventCountry "GER"]
[SourceTitle "EXT 2007"]
[Source "ChessBase"]
[SourceDate "2006.11.23"]
[SourceVersion "1"]
[SourceVersionDate "2006.11.23"]
[SourceQuality "1"]

1. e4 c5 2. c3 Nf6 3. e5 Nd5 4. d4 cxd4 5. cxd4 d6 6. Nf3 Nc6 7. Bc4 Nb6 8. Bxf7+ Kxf7 9. e6+ Kg8 10. d5 Ne5 11. Nxe5 dxe5 12. Nc3 h6 13. 0-0 g6 14. a4 Kh7 15. Qb3 Qc7 16. a5 Nc4 17. Nb5 Qc5 18. Ra4 Nd6 19. Nxd6 Qxd6 20. f4 b5 21. axb6 Bb7 22. fxe5 Qxd5 23. Qh3 Rc8 24. Rh4 Rxc1 25. Rxc1 axb6 26. Rf1 Bg7 27. Rhf4 Bc8 28. Qh4 g5 29. Qh5 Bxe6 30. R4f3 Rc8 31. h4 Qd4+ 0-1

[Event "Stuttgart-chA int"]
[Site "Ditzingen"]
[Date "2006.05.27"]
[Round "5"]
[White "Aring, Gerd"]
[Black "Bissbort, Julian"]
[Result "1-0"]
[WhiteElo "2260"]
[BlackElo "2042"]
[PlyCount "93"]
[EventDate "2006.05.25"]
[EventType "swiss"]
[EventRounds "7"]
[EventCountry "GER"]
[SourceTitle "EXT 2018"]
[Source "ChessBase"]
[SourceDate "2017.10.13"]
[SourceVersion "1"]
[SourceVersionDate "2017.10.13"]
[SourceQuality "1"]

1. d4 Nf6 2. Nf3 g6 3. Bf4 Bg7 4. h3 0-0 5. e3 d5 6. c4 c5 7. Nc3 Nc6 8. Rc1 cxd4 9. exd4 dxc4 10. Bxc4 Bf5 11. 0-0 Qb6 12. d5 Rad8 13. Na4 Qa5 14. Bd2 Qc7 15. dxc6 Ne4 16. Qe2 Nxd2 17. Nxd2 Rd4 18. cxb7 Qxb7 19. Nc5 Qa8 20. Ndb3 Rh4 21. Rfd1 Bxh3 22. Bd5 Bg4 23. Qxg4 Rxg4 24. Bxa8 Rxa8 25. Rc2 a5 26. Rcd2 h5 27. Rd8+ Rxd8 28. Rxd8+ Kh7 29. Nxa5 Bxb2 30. Nab3 Rc4 31. a4 Be5 32. a5 Rc2 33. a6 Rb2 34. g3 Ra2 35. Rd7 Bf6 36. Rb7 h4 37. a7 hxg3 38. fxg3 Kh6 39. Nd7 Bg5 40. Kf1 Be3 41. Ndc5 Kg5 42. Rxe7 Bxc5 43. Nxc5 f5 44. Rb7 Kg4 45. Rb4+ f4 46. Rxf4+ Kxg3 47. Ra4 1-0